[Event "Atlantic op"]
[Site "Washington DC"]
[Date "1999.08.28"]
[Round "2"]
[White "Meyer, Eugene B"]
[Black "Kamat, Anand"]
[Result "1-0"]
[WhiteElo "2434"]
[BlackElo "2225"]
[PlyCount "55"]
[EventDate "1999.08.27"]
[EventType "swiss"]
[EventRounds "5"]
[EventCountry "USA"]
[SourceTitle "EXT 2000"]
[Source "ChessBase"]
[SourceDate "1999.11.16"]
[SourceVersion "1"]
[SourceVersionDate "1999.11.16"]
[SourceQuality "1"]

1. c4 e6 2. Nf3 d5 3. b3 d4 4. e3 c5 5. exd4 cxd4 6. d3 Nc6 7. g3 Nge7 8. Bg2 Ng6 9. 0-0 Be7 10. Na3 h5 11. Nc2 h4 12. Rb1 e5 13. b4 Bf6 14. Nd2 Bf5 15. Ne4 Be7 16. b5 Na5 17. Bd2 a6 18. Qe1 axb5 19. Rxb5 Nc6 20. Rxb7 Bd7 21. Qb1 f5 22. Ng5 Qc8 23. Bd5 Bxg5 24. Bxg5 f4 25. Qb6 hxg3 26. fxg3 Rxa2 27. Rc7 Qb8 28. Rxc6 1-0